NPB 日本プロ野球 Akinator風クイズ4 - Statistics

General Stats
  • This quiz has been taken 411 times
  • The average score is 8 of 10
Answer Stats
Question Answer % Correct
実在している? はい
100%
現役選手ですか? はい
98%
タイトルを獲得したことがありますか? はい
98%
藤浪晋太郎選手ですか? いいえ
98%
オールスターゲームに出場したことがありますか? はい
97%
年俸が1億円に到達したことはありますか はい
97%
トミー・ジョン手術を受けましたか? いいえ
95%
助っ人外国人ですか? いいえ
95%
投手ですか? いいえ
93%
現役ドラフトで移籍しましたか? いいえ
93%
ひげが特徴的ですか? いいえ
92%
身長は190cm以上ですか いいえ
91%
左打ちですか? はい
90%
育成契約と関係がありますか? いいえ
90%
セリーグの選手ですか? はい
89%
移籍経験がありますか? はい
88%
メジャーリーガーでしたか? はい
86%
通算1500安打を打ちましたか? はい
83%
侍ジャパンに召集されたことがありますか? はい
82%
NPB記録を保持していますか? はい
80%
2023年シーズンでは彼のチームはAクラスでしたか? はい
78%
出身地は中国地方ですか? いいえ
76%
ドラフト指名は3位以上でしたか? はい
74%
現在(2024年3月時点)35歳以上ですか? はい
72%
高校野球で甲子園出場した経験はありますか? いいえ
71%
2023年の背番号は二桁ですか いいえ
67%
シーズンで20本塁打を記録したことがありますか? はい
66%
彼の打球が内川聖一選手に直撃して顔面を破壊しましたか? はい
63%
最優秀選手に選ばれたことがありますか? いいえ
61%
出身地は関東ですか? はい
60%
FA移籍しましたか? はい
49%
松山晋也選手と出身校が同じですか? はい
49%
通算打点より通算四球が上回っていますか? いいえ
49%
高卒で入団しましたか? いいえ
46%
通算打率は三割をこえていますか? いいえ
45%
No matching quizzes found
Score Distribution
Percent of People with Each Score
Percentile by Number Answered
Your Score History
You have not taken this quiz